书目信息 |
| 题名: |
室内摄影
|
|
| 作者: | 哈里斯, 著 ;张铭 译 | |
| 分册: | ||
| 出版信息: | 杭州 浙江摄影出版社 2002.12 |
|
| 页数: | 164页 | |
| 开本: | 21cm | |
| 丛书名: | 视觉丛书 | |
| 单 册: | ||
| 中图分类: | J412 | |
| 科图分类: | ||
| 主题词: | 室内摄影--摄影艺术 | |
| 电子资源: | ||
| ISBN: | 7-80536-917-8 | |
| 000 | 01024nam 2200277 450 | |
| 001 | 0140847678 | |
| 005 | 20051025084350.28 | |
| 010 | @a7-80536-917-8@dCNY32.00 | |
| 100 | @a20050608d2002 km y0chiy0120 ea | |
| 101 | 1 | @achi@ceng |
| 102 | @aCN@b330000 | |
| 105 | @aa z 000yy | |
| 200 | 1 | @a室内摄影@Ashi nei she ying@d= Professional interior photography@f(英) 迈克尔·哈里斯著@F(ying)mai ke er·ha li si zhu@g张铭译@Gzhang ming yi@zeng |
| 210 | @a杭州@c浙江摄影出版社@d2002.12 | |
| 215 | @a164页@c图@d21cm | |
| 225 | 2 | @a视觉丛书@i商业摄影入门系列 |
| 330 | @a本书由英国焦点出版社出版,较系统地介绍了室内摄影的技巧、器材及作为职业摄影师的营销策略,对我国摄影人士颇有借鉴作用。 | |
| 410 | 0 | @12001 @a视觉丛书 |
| 410 | 0 | @12001 @a商业摄影入门系列 |
| 510 | 1 | @aProfessional interior photography@zeng |
| 606 | 0 | @a室内摄影@x摄影艺术 |
| 690 | @aJ412@v4 | |
| 701 | 1 | @a哈里斯,@Aha li si,@bH.@g(Harris, Michael)@4著 |
| 702 | 0 | @a张铭@Azhang ming@4译 |
| 801 | 0 | @aCN@bQSSK@c20051025 |
| 905 | @a10447@dJ412@eH023 | |
| 室内摄影= Professional interior photography/(英) 迈克尔·哈里斯著/张铭译.-杭州:浙江摄影出版社,2002.12 |
| 164页:图;21cm.-(视觉丛书.商业摄影入门系列) |
| ISBN 7-80536-917-8:CNY32.00 |
| 本书由英国焦点出版社出版,较系统地介绍了室内摄影的技巧、器材及作为职业摄影师的营销策略,对我国摄影人士颇有借鉴作用。 |
| ● |
| 相关链接 |
|
|
|
正题名:室内摄影
索取号:J412/H023
 
预约/预借
| 序号 | 登录号 | 条形码 | 馆藏地/架位号 | 状态 | 备注 |
| 1 | 571540 | 205715403 | 社科库309/309社科库 84排1列1层/ [索取号:J412/H023] | 在馆 | |
| 2 | 571541 | 205715412 | 社科库309/309社科库 84排1列1层/ [索取号:J412/H023] | 在馆 | |
| 3 | 571542 | 205715421 | 社科库309/309社科库 84排1列1层/ [索取号:J412/H023] | 在馆 |